Năng lượng nguyên tử /

Bewaard in:
Bibliografische gegevens
Hoofdauteur: Gladkov, K. A.
Andere auteurs: Chu Đình Can (dịch.), Trần Đại Nghiệp (dịch.)
Formaat: Sách giấy
Taal:Vietnamese
Gepubliceerd in: Hà Nội : Khoa học và Kỹ thuật, 1981.
Tags: Voeg label toe
Geen labels, Wees de eerste die dit record labelt!
Thư viện lưu trữ: Thư viện Trường Đại học Đà Lạt
LEADER 00725nam a2200277 4500
001 DLU020001884
005 ##19991103
040 # # |a DLU  |b vie 
041 # # |a vie 
044 # # |a vn 
082 # # |a 333.792 4  |b GL-K 
100 # # |a Gladkov, K. A. 
245 # # |a Năng lượng nguyên tử /  |c K. A. Gladkov; Trần Đại Nghiệp, Chu Đình Can dịch. 
260 # # |a Hà Nội :  |b Khoa học và Kỹ thuật,  |c 1981. 
300 # # |a 400 tr. ;  |c 21 cm. 
700 # # |a Chu Đình Can,  |e dịch. 
700 # # |a Trần Đại Nghiệp,  |e dịch. 
992 # # |a 5375 
994 # # |a DLU 
900 # # |a False 
911 # # |a Administrator 
925 # # |a G 
926 # # |a A 
927 # # |a SH 
980 # # |a Thư viện Trường Đại học Đà Lạt